| 000 | 00750cam a22002291 4500 | ||
|---|---|---|---|
| 001 | 000018555 | ||
| 005 | 20200929165825.0 | ||
| 008 | 750731s1944 xx 000 0 eng | ||
| 040 |
_aDO-SdBNP _cFM _dOCoLC _dDLC _dBNPHU |
||
| 082 |
_a813.54 _bC363m |
||
| 100 | 1 |
_aCather, Willa, _d1873-1947 _940129 |
|
| 245 | 1 | 3 |
_aLa muerte viene hacia el arzobispo / _cWilla Cather ; traducción Horacio Laurora. |
| 260 |
_aBuenos Aires, Argentina : _bEmece editores, _c1944. |
||
| 300 |
_a281 p. ; _c20 cm. |
||
| 490 | 1 | _aLa Quimera | |
| 650 | 4 |
_aNovela estadounidense _9262 |
|
| 650 | 4 |
_aLiteratura estadunidense _940130 |
|
| 700 | 1 |
_aLaurora, Horacio, _etr. _940131 |
|
| 830 | 0 |
_aLa Quimera _940132 |
|
| 910 | _aCatalogación por derivada / LC | ||
| 049 | _aBNGR | ||
| 999 |
_c18075 _d18075 |
||